| 000 | 00000nam##2200000za#4500 |
| 001 | 9.646197 |
| 003 | CaOODSP |
| 005 | 20230202144024 |
| 007 | ta |
| 008 | 150407|1996||||xxc||||| f|0| 0 eng|d |
| 020 | |a0-662-24429-X |
| 040 | |aCaOODSP|beng |
| 043 | |an-cn--- |
| 086 | 1 |aH72-21/143-1996E |
| 110 | 2 |aNational Clearinghouse on Family Violence (Canada). |
| 245 | 14|aThe invisible boy : |brevisioning the victimization of male children and teens / |cPrepared by the Canadian Foster Family Association (CFFA). |
| 260 | |aOttawa - Ontario : |bHealth Canada. |c1996. |
| 300 | |a68p. : |btables ; |c28 cm. |
| 500 | |aContents: Introduction: opening the door to male victims.--Prevalence: a many-sided story.--Perpetrators of male victimization.--Effects of victimization on males.--Implications.--Resources and bibliography. |
| 504 | |aBibliography. |
| 563 | |aSoftcover |
| 590 | |a97-17|b1997-04-25 |
| 690 | 07|aViolence against children|2gcpds |
| 775 | 08|tLe garçon invisible : |w(CaOODSP)9.679770 |
| 776 | 0#|tThe invisible boy : |w(CaOODSP)9.695704 |